Určenie parametrov miestnej geodetickej siete pri rôznych spôsoboch cielenia

Saved in:
Bibliographic Details
Main Author: Jančí, Tomáš (Author)
Other Authors: Bajtala, Marek (Thesis advisor)
Format: Manuscript Book
Language:Slovak
Published: 2024
Subjects:
Online Access:http://is.stuba.sk/zp/portal_zp.pl?podrobnosti=167417
https://opac.crzp.sk/?fn=detailBiblioForm&sid=E866CA411CD4E51491B18169BB2C
Tags: Add Tag
No Tags, Be the first to tag this record!

MARC

LEADER 00000ntm a22000003a 4500
001 stuzp98139
003 SK-STU
005 20240920113404.9
007 ta
008 150427s2015----xo-----f-mn---000-0-slo-d
040 |a STU  |b slo 
041 0 |a slo 
100 1 |a Jančí, Tomáš  |u 010140  |4 aut  |U SvF Stavebná fakulta  |T SvF Katedra geodézie  |X 114800  |U V140  |Y 14  |7 114800 
242 0 1 |a Determination of parameters of a local geodetic network using various targeting methods  |y eng 
245 1 0 |a Určenie parametrov miestnej geodetickej siete pri rôznych spôsoboch cielenia 
260 |c 2024 
650 4 |a vyrovnanie voľnej geodetickej siete  |2 slo 
650 4 |a miestna geodetická sieť  |2 slo 
650 4 |a technológie cielenia  |2 slo 
650 4 |a odhad súradníc bodov  |2 slo 
650 4 |a odhad charakteristík presnosti  |2 slo 
650 4 |a targeting technology  |2 eng 
650 4 |a free geodetic network alignment  |2 eng 
650 4 |a point coordinates estimation  |2 eng 
650 4 |a local geodetic network  |2 eng 
650 4 |a accuracy characteristics estimation  |2 eng 
700 1 |a Bajtala, Marek  |u 010140  |k Z8  |4 ths  |U SvF Stavebná fakulta  |T SvF Katedra geodézie  |X 1018  |U V140  |Y 14  |7 A000001018 
856 4 |u http://is.stuba.sk/zp/portal_zp.pl?podrobnosti=167417 
856 4 |u https://opac.crzp.sk/?fn=detailBiblioForm&sid=E866CA411CD4E51491B18169BB2C